000 00217nam a2200097Ia 4500
008 170619s9999 xx 000 0 und d
100 _aSedra / Smith
245 0 _aMICROELECTRONIC CIRCUIT
260 _bOxford
260 _c2010
546 _aENGLISH
999 _c19158
_d19158